[Event "Great Britain (ch)"]
[Site "?"]
[Date "2000.??.??"]
[Round "?"]
[White "Hodgson, Ju"]
[Black "Speelman, J."]
[Result "0-1"]
[WhiteElo "2640"]
[BlackElo "2620"]
[PlyCount "59"]
[EventDate "2000.??.??"]
[Source "Chess Informant"]
[SourceDate "2000.06.01"]

1. b3 d5 2. Nf3 Nf6 3. Bb2 Bg4 4. Bxf6 gxf6 5. e3 Bg7 6. h3 Bxf3 7. Qxf3 f5 8. d4 c5 9. c3 Nc6 10. Bb5 Qa5 11. Bxc6+ bxc6 12. O-O e6 13. a3 Rb8 14. b4 cxb4 15. cxb4 Rxb4 16. axb4 Qxa1 17. Qg3 O-O 18. Qc7 Qb2 19. Qxa7 f4 20. exf4 Qxb4 21. Rd1 Qb3 22. Rc1 Qb2 23. Qa3 Rb8 24. f5 Qxa3 25. Nxa3 Rb3 26. Nb1 Bxd4 27. fxe6 fxe6 28. Nd2 Rb2 29. Nf3 Bxf2+ 30. Kf1 0-1

[Event "(izt)"]
[Site "Petropolis"]
[Date "1973.??.??"]
[Round "?"]
[White "Smyslov, Vassily V"]
[Black "Savon, Vladimir A"]
[Result "1/2-1/2"]
[WhiteElo "2610"]
[BlackElo "2575"]
[PlyCount "93"]
[EventDate "1973.??.??"]
[Source "www.chesslib.no"]
[SourceDate "2004.05.04"]

1. Nf3 Nf6 2. b3 d5 3. Bb2 Bg4 4. e3 e6 5. h3 Bxf3 6. Qxf3 Be7 7. g3 c5 8. Bg2 Nc6 9. O-O O-O 10. d3 Nd7 11. Qe2 Bf6 12. c4 Bxb2 13. Qxb2 Nf6 14. cxd5 exd5 15. Nd2 Rc8 16. Nf3 Qb6 17. Rfd1 Rfd8 18. Rac1 Rc7 19. d4 c4 20. Ne5 cxb3 21. Qxb3 Qxb3 22. axb3 Rdc8 23. Nd3 Ne7 24. Rxc7 Rxc7 25. Ra1 b6 26. b4 Ne4 27. Nf4 g5 28. Nxd5 Nxd5 29. Bxe4 Nxb4 30. d5 Rd7 31. Rd1 Rd6 32. Bg2 f5 33. g4 fxg4 34. e4 Nc6 35. Ra1 Ne5 36. Rxa7 h6 37. f3 gxh3 38. Bxh3 g4 39. Bg2 Rd7 40. Ra8+ Kf7 41. Bf1 Rc7 42. Bb5 Rc5 43. Be8+ Kf6 44. Kg2 Rc4 45. Rb8 Rxe4 46. Rxb6+ Kf5 47. Rxh6 1/2-1/2

[Event "NED-chT playoff"]
[Site "Breda"]
[Date "1999.05.14"]
[Round "2"]
[White "Hodgson, Julian M"]
[Black "Rogers, Ian"]
[Result "1/2-1/2"]
[WhiteElo "2565"]
[BlackElo "2618"]
[PlyCount "67"]
[EventDate "1999.05.??"]
[Source "ChessBase"]
[SourceDate "1999.07.10"]

1. b3 d5 2. Nf3 c5 3. e3 a6 4. Bb2 Nc6 5. d4 cxd4 6. Nxd4 e6 7. c4 Nf6 8. Nd2 Nxd4 9. Bxd4 Be7 10. Be2 O-O 11. O-O Bd7 12. cxd5 Nxd5 13. Bf3 Bb5 14. Nc4 Rc8 15. Rc1 Bc6 16. e4 Nf6 17. Nb6 Rb8 18. Be3 Ba3 19. Rc2 Qxd1 20. Rxd1 Rbd8 21. Rxd8 Rxd8 22. e5 Ne8 23. Be2 Be4 24. Rc4 Bc6 25. Bg5 f6 26. exf6 Nxf6 27. h3 h6 28. Be3 Bb5 29. Rc2 Bxe2 30. Rxe2 Rd1+ 31. Kh2 Bd6+ 32. g3 Nd5 33. Nc4 Be7 34. Rc2 1/2-1/2

[Event "IX Foxwoods Open"]
[Site "Mashantucket USA"]
[Date "2007.04.08"]
[Round "8"]
[White "Stripunsky, Alexander"]
[Black "Friedel, Joshua E"]
[Result "1-0"]
[WhiteElo "2638"]
[BlackElo "2544"]
[PlyCount "45"]
[EventDate "2007.04.04"]
[Source "www.chesslib.no"]
[SourceDate "2004.05.04"]

1. Nf3 d5 2. e3 Nf6 3. c4 e6 4. b3 c6 5. Bb2 Nbd7 6. Qc2 Bd6 7. Nc3 O-O 8. Be2 a6 9. d4 Qe7 10. O-O e5 11. dxe5 Nxe5 12. cxd5 cxd5 13. Rad1 Be6 14. Nd4 Bb8 15. Qc1 Qc7 16. g3 Ba7 17. Nxd5 Nxd5 18. Qxc7 Nxc7 19. Nxe6 fxe6 20. Bxe5 Nd5 21. Bc4 Rf5 22. Bxd5 exd5 23. Bd4 1-0

[Event "otb"]
[Site "otb"]
[Date "2007.01.20"]
[Round "6"]
[White "Kritz Leonid"]
[Black "Pavasovic Dusko"]
[Result "1-0"]
[WhiteElo "2597"]
[BlackElo "2575"]
[PlyCount "103"]
[Source "www.chesslib.no"]
[SourceDate "2004.05.04"]

1. Nf3 d5 2. e3 Nf6 3. b3 c5 4. Bb2 e6 5. Bb5+ Bd7 6. Be2 Nc6 7. O-O Be7 8. d4 cxd4 9. exd4 O-O 10. Nbd2 Qb6 11. a3 Rfd8 12. Bd3 Be8 13. Re1 Bf8 14. Rb1 g6 15. c4 Qc7 16. b4 dxc4 17. Bxc4 Bg7 18. Rc1 Qb6 19. Nb3 Nd5 20. Nc5 Nce7 21. Rb1 Rac8 22. Ng5 h6 23. Nf3 Nf5 24. Ne5 Nde3 25. fxe3 Bxe5 26. Qb3 Bg7 27. Nxe6 fxe6 28. Bxe6+ Kh7 29. Bxc8 Rxc8 30. d5 Bxb2 31. Rxb2 Qc7 32. Rf2 Qe5 33. e4 Rc3 34. Qb2 Bb5 35. Qd2 Nd6 36. Qf4 Qxf4 37. Rxf4 Rc4 38. Rf6 Nxe4 39. Rf7+ Kg8 40. Rxb7 a6 41. Re7 Nf6 42. Ra7 Nxd5 43. Rd1 Nf6 44. h3 Ne8 45. Re1 g5 46. Re6 Rc1+ 47. Kh2 Ra1 48. Rg6+ Kf8 49. Rxh6 Kg8 50. Rg6+ Kf8 51. Rxg5 Rxa3 52. Rxb5 1-0

[Event "Pamplona"]
[Site "?"]
[Date "1995.??.??"]
[Round "?"]
[White "Zvjaginsev, V."]
[Black "Magem Badals, J."]
[Result "1-0"]
[WhiteElo "2600"]
[BlackElo "2560"]
[PlyCount "55"]
[EventDate "1995.??.??"]
[Source "ChessBase"]
[SourceDate "1995.10.01"]

1. Nf3 d5 2. e3 Nf6 3. c4 dxc4 4. Bxc4 e6 5. O-O c5 6. Qe2 a6 7. Bb3 Nc6 8. Rd1 Be7 9. d4 cxd4 10. exd4 O-O 11. Nc3 Na5 12. Bc2 b5 13. a4 b4 14. Ne4 Bb7 15. Nc5 Bd5 16. Ne5 Ra7 17. Bg5 g6 18. Qe1 Nc6 19. Bb3 Nxd4 20. Bxf6 Nxb3 21. Bxe7 Qxe7 22. Nxb3 Bxb3 23. Nc6 Qc7 24. Rdc1 Bd5 25. Nxa7 Qxa7 26. Qxb4 Rb8 27. Qf4 Qb6 28. b4 1-0

[Event "URS-ch1L"]
[Site "Kischniev"]
[Date "1975.??.??"]
[Round "?"]
[White "Taimanov, Mark E"]
[Black "Savon, Vladimir A"]
[Result "0-1"]
[WhiteElo "2580"]
[BlackElo "2575"]
[PlyCount "112"]
[EventDate "1975.10.??"]
[Source "www.chesslib.no"]
[SourceDate "2004.05.04"]

1. Nf3 Nf6 2. b3 d5 3. Bb2 Bg4 4. d3 Bxf3 5. exf3 e6 6. f4 Be7 7. g3 O-O 8. Bg2 Nfd7 9. O-O Bf6 10. Nc3 c6 11. Qd2 a5 12. Rfe1 Na6 13. Rad1 b5 14. d4 b4 15. Na4 Nb6 16. Nxb6 Qxb6 17. a4 Qa7 18. g4 g6 19. f5 exf5 20. gxf5 Rae8 21. Rxe8 Rxe8 22. Re1 Rxe1+ 23. Qxe1 Qd7 24. fxg6 hxg6 25. Qe3 Nc7 26. Bh3 Qd8 27. Bc1 Ne8 28. Qf4 Nd6 29. Be3 Ne4 30. Qg4 Qb6 31. Qd7 Ng5 32. Bg4 Nh7 33. Bh6 Nf8 34. Qe8 Bg7 35. Bxg7 Kxg7 36. Qe5+ Kg8 37. h4 Qd8 38. Qg5 f6 39. Qf4 f5 40. Bh3 Ne6 41. Qg3 Kf7 42. c3 bxc3 43. Qxc3 Qxh4 44. Bg2 Nf4 45. Bf1 Qg4+ 46. Kh2 Qh4+ 47. Kg1 Qg4+ 48. Kh2 Ne6 49. Qxa5 Qxd4 50. Kg1 Qg4+ 51. Bg2 d4 52. Qa7+ Kf6 53. Qd7 d3 54. f4 Qd1+ 55. Kf2 Qe2+ 56. Kg1 Qe3+ 0-1

[Event "5th IECC"]
[Site "Antalya"]
[Date "2004.05.20"]
[Round "5"]
[White "Istratescu, Andrei"]
[Black "Parligras, Mircea"]
[Result "1-0"]
[WhiteElo "2587"]
[BlackElo "2549"]
[PlyCount "95"]
[EventDate "2004.05.15"]
[Source "Roberto Alvarez"]
[SourceDate "2004.05.31"]

1. Nf3 c5 2. b3 d5 3. e3 Nf6 4. Bb2 a6 5. c4 Nc6 6. cxd5 Nxd5 7. Nc3 Nxc3 8. Bxc3 Qd6 9. Qb1 Qg6 10. Qb2 f6 11. g3 e5 12. Nh4 Qf7 13. Qb1 Be6 14. Bg2 Bd5 15. Bxd5 Qxd5 16. O-O O-O-O 17. a3 e4 18. f3 exf3 19. Qf5+ Qxf5 20. Nxf5 Ne7 21. Nxe7+ Bxe7 22. Rxf3 Rhe8 23. Kf2 Bd6 24. Rc1 Kd7 25. Ke2 Ke6 26. g4 h6 27. h4 b6 28. a4 Rd7 29. Rf5 Red8 30. d4 cxd4 31. Bxd4 Rc7 32. Rxc7 Bxc7 33. Rf1 Rd5 34. Rc1 Kd7 35. Kf3 f5 36. Bxg7 fxg4+ 37. Kxg4 h5+ 38. Kf3 Bd8 39. Bd4 Rf5+ 40. Ke4 Rf2 41. Rg1 b5 42. Rg7+ Kc8 43. axb5 axb5 44. Rh7 Bxh4 45. Rxh5 Be7 46. Rxb5 Kd7 47. Rb7+ Ke6 48. b4 1-0

[Event "otb"]
[Site "otb"]
[Date "2007.03.09"]
[Round "1"]
[White "Korchnoi Viktor"]
[Black "Romanov Evgeny"]
[Result "0-1"]
[WhiteElo "2629"]
[BlackElo "2501"]
[PlyCount "74"]
[Source "www.chesslib.no"]
[SourceDate "2004.05.04"]

1. Nf3 Nf6 2. b3 d5 3. Bb2 c6 4. d3 Bg4 5. Nbd2 Nbd7 6. h3 Bxf3 7. Nxf3 e6 8. a3 Bd6 9. g3 O-O 10. Bg2 a5 11. O-O Qb6 12. e4 e5 13. Nh4 Rfe8 14. Rb1 Bf8 15. Nf3 Rad8 16. Qe2 Bd6 17. Kh1 Qa6 18. Rfe1 dxe4 19. dxe4 Qxe2 20. Rxe2 Nc5 21. Rd1 Nfxe4 22. Nxe5 f5 23. Bf3 Bc7 24. Rxd8 Rxd8 25. Kg2 Ng5 26. Bxc6 bxc6 27. Nxc6 Rd7 28. Ne7+ Kf7 29. Nxf5 Nge6 30. Ne3 Nd4 31. Re1 Nxc2 32. Nxc2 Rd2 33. Bxg7 Rxc2 34. b4 Nd3 35. Re3 Nxf2 36. Rc3 Rxc3 37. Bxc3 Ne4 0-1

[Event "Malaga op"]
[Site "Malaga"]
[Date "1998.02.19"]
[Round "7"]
[White "Kurajica, Bojan"]
[Black "Cifuentes Parada, Roberto"]
[Result "1-0"]
[WhiteElo "2580"]
[BlackElo "2535"]
[PlyCount "158"]
[EventDate "1998.02.13"]
[Source "ChessBase"]
[SourceDate "1998.04.29"]

1. Nf3 d5 2. e3 Nf6 3. c4 c6 4. Qc2 e6 5. b3 Nbd7 6. Bb2 Bd6 7. g4 h6 8. h3 Qe7 9. Nc3 Ba3 10. Bxa3 Qxa3 11. Rg1 Qd6 12. d4 e5 13. O-O-O O-O 14. cxd5 cxd5 15. dxe5 Nxe5 16. Nxe5 Qxe5 17. Kb2 Be6 18. Bg2 Rac8 19. Rd4 Rc5 20. Qe2 Qh2 21. Rdd1 Rfc8 22. Nb5 Rc2+ 23. Qxc2 Rxc2+ 24. Kxc2 Ne4 25. Bxe4 dxe4 26. Nd4 Qxf2+ 27. Kb1 Bd7 28. Rge1 h5 29. Rf1 Qxe3 30. Nf5 Qxh3 31. Ne7+ Kh7 32. Rh1 Qxg4 33. Rxd7 e3 34. Rd3 e2 35. Re3 f5 36. Re1 f4 37. R3xe2 f3 38. Rf2 Qg3 39. Rff1 g5 40. Nd5 g4 41. Re6 Kg7 42. Rfe1 f2 43. Re7+ Kg6 44. R7e6+ Kf5 45. Ne7+ Kf4 46. Rf6+ Kg5 47. Rg6+ Kf4 48. Rf6+ Kg5 49. Rf5+ Kh4 50. Rh1+ Qh3 51. Rxh3+ Kxh3 52. Rxf2 g3 53. Rf3 Kg4 54. Rf8 g2 55. Rg8+ Kf3 56. Nd5 h4 57. Nf4 Kxf4 58. Rxg2 h3 59. Rg7 h2 60. Rh7 Kg3 61. Kc2 Kg2 62. Kd3 h1=Q 63. Rxh1 Kxh1 64. Kd4 Kg2 65. Kd5 Kf3 66. Kd6 Ke4 67. Kc7 b5 68. Kc6 b4 69. Kc5 Ke5 70. Kxb4 Kd6 71. Kb5 Kc7 72. Ka6 Kb8 73. b4 Ka8 74. b5 Kb8 75. a3 Ka8 76. a4 Kb8 77. a5 Ka8 78. b6 axb6 79. axb6 Kb8 1-0

[Event "Novgorod op"]
[Site "Novgorod"]
[Date "1999.03.19"]
[Round "1"]
[White "Akopian, Vladimir"]
[Black "Akhmadeev, Vadim"]
[Result "1/2-1/2"]
[WhiteElo "2640"]
[BlackElo "2467"]
[PlyCount "59"]
[EventDate "1999.03.19"]
[Source "ChessBase"]
[SourceDate "1999.05.10"]

1. Nf3 d5 2. e3 Nf6 3. c4 e6 4. b3 Be7 5. Bb2 O-O 6. Be2 b6 7. O-O Bb7 8. cxd5 Nxd5 9. d4 Nd7 10. Nbd2 c5 11. Nc4 Rc8 12. Qd2 N7f6 13. Rfd1 Rc7 14. a3 Qa8 15. dxc5 Rxc5 16. b4 Rcc8 17. Rac1 Rfd8 18. Qe1 Ne4 19. Nce5 Rxc1 20. Rxc1 Bd6 21. Rc2 Rc8 22. Qc1 Rxc2 23. Qxc2 Ndf6 24. h3 h6 25. Bd4 Qe8 26. Bd3 Bd5 27. Ng4 Qa8 28. Nxf6+ Nxf6 29. Be2 Ne8 30. Ne1 1/2-1/2

[Event "Haninge"]
[Site "Haninge"]
[Date "1988.??.??"]
[Round "?"]
[White "Karlsson, Lars"]
[Black "Chandler, Murray G"]
[Result "0-1"]
[WhiteElo "2510"]
[BlackElo "2590"]
[PlyCount "78"]
[EventDate "1988.05.??"]
[Source "ChessBase"]

1. Nf3 d5 2. e3 Nf6 3. b3 e6 4. Bb2 Nbd7 5. Be2 b6 6. O-O Bb7 7. c4 Bd6 8. d4 O-O 9. Nc3 a6 10. Rc1 Qe7 11. Na4 dxc4 12. bxc4 Rfd8 13. Qb3 Rab8 14. Nc3 e5 15. a4 Ng4 16. g3 exd4 17. exd4 Qf6 18. d5 Qh6 19. Ne4 Re8 20. Nxd6 cxd6 21. Qc2 Nc5 22. Nh4 Bc8 23. Rce1 Bd7 24. Bc1 Qf6 25. Bb2 Qg5 26. Nf3 Qh6 27. h4 Bxa4 28. Qb1 Qg6 29. Nd4 Ne5 30. Qa1 Bd7 31. h5 Qg5 32. Bc1 Qf6 33. Qa2 Bh3 34. Bf4 Ned3 35. Bxd3 Nxd3 36. Nc6 Nxe1 37. Nxb8 Nf3+ 38. Kh1 Bxf1 39. Qa4 Re1 0-1

[Event "New York USA"]
[Site "?"]
[Date "1998.03.23"]
[Round "?"]
[White "Blatny Pavel"]
[Black "Shaked Tal"]
[Result "1-0"]
[WhiteElo "2560"]
[BlackElo "2535"]
[PlyCount "62"]
[EventDate "1998.??.??"]
[Source "www.chesslib.no"]
[SourceDate "2004.05.04"]

1. Nf3 c5 2. b3 d5 3. e3 Nf6 4. Bb2 e6 5. g3 Bd6 6. Bg2 O-O 7. O-O Nc6 8. c4 Qe7 9. Nc3 a6 10. Re1 Rd8 11. cxd5 exd5 12. d4 Bg4 13. h3 Bh5 14. Ne2 cxd4 15. Nexd4 Bg6 16. Nh4 Be5 17. Rc1 Rac8 18. Nxc6 bxc6 19. Bxe5 Qxe5 20. Qd4 Qxd4 21. exd4 Be4 22. Bf1 a5 23. f3 Bg6 24. Re3 Rb8 25. a3 Rdc8 26. Rc5 a4 27. b4 Nd7 28. Rc1 Kf8 29. Kf2 f6 30. Nxg6+ hxg6 31. Rec3 Rb6 1-0

[Event "32nd TCh-GRE"]
[Site "Kallithea Chalkidiki"]
[Date "2003.07.05"]
[Round "2"]
[White "Gelashvili, Tamaz"]
[Black "Gustafsson, Jan"]
[Result "1/2-1/2"]
[WhiteElo "2520"]
[BlackElo "2570"]
[PlyCount "68"]
[EventDate "2003.07.04"]
[Source "Roberto Alvarez"]
[SourceDate "2003.07.14"]

1. Nf3 d5 2. e3 Nf6 3. b3 Bg4 4. Bb2 Nbd7 5. h3 Bh5 6. c4 e6 7. Be2 c6 8. d3 Qa5+ 9. Nbd2 Ba3 10. Qc1 Bxb2 11. Qxb2 O-O 12. O-O e5 13. b4 Qc7 14. cxd5 cxd5 15. g4 Bg6 16. Rac1 Qd6 17. d4 exd4 18. Qxd4 Rfe8 19. a3 a6 20. Rfd1 Rad8 21. Nh4 Nf8 22. Nxg6 hxg6 23. Nf3 Ne6 24. Qb2 Qb6 25. Bf1 Ne4 26. Bg2 Rd6 27. Nd4 Qd8 28. Nxe6 Rexe6 29. Rd4 Kh7 30. Rcd1 f5 31. Bxe4 dxe4 32. Rxd6 Rxd6 33. Rxd6 Qxd6 34. Qe2 Kh6 1/2-1/2

[Event "Ponferrada op"]
[Site "?"]
[Date "1991.??.??"]
[Round "8"]
[White "Azmaiparashvili Zurab"]
[Black "Franco Ocampos Zenon"]
[Result "1/2-1/2"]
[WhiteElo "2585"]
[BlackElo "2495"]
[PlyCount "81"]
[EventDate "1991.??.??"]
[Source "www.chesslib.no"]
[SourceDate "2004.05.04"]

1. Nf3 c5 2. b3 d5 3. e3 a6 4. c4 e6 5. Bb2 Nf6 6. g3 Nc6 7. Bg2 Be7 8. O-O O-O 9. Qe2 b5 10. cxd5 Nxd5 11. Rd1 Bb7 12. Nc3 Bf6 13. Rac1 Rc8 14. d3 Nxc3 15. Bxc3 Bxc3 16. Rxc3 Nb4 17. d4 cxd4 18. Rxc8 Qxc8 19. Rxd4 Qc1+ 20. Ne1 Bxg2 21. Kxg2 a5 22. Nf3 Qc6 23. e4 h6 24. Rd2 Qb7 25. a3 Nc6 26. Rc2 Rd8 27. Rc5 Nd4 28. Nxd4 Rxd4 29. Rxb5 Rxe4 30. Rxb7 Rxe2 31. Rb8+ Kh7 32. Rb5 Rb2 33. h4 g5 34. hxg5 hxg5 35. Rxg5 f5 36. Rh5+ Kg6 37. Rh4 Rxb3 38. Ra4 Rb5 39. Kh3 Kg5 40. Kg2 e5 41. f4+ 1/2-1/2

[Event "otb"]
[Site "otb"]
[Date "2007.04.25"]
[Round "8"]
[White "Pavlovic Milos"]
[Black "Rausis Igors"]
[Result "1-0"]
[WhiteElo "2538"]
[BlackElo "2537"]
[PlyCount "85"]
[Source "www.chesslib.no"]
[SourceDate "2004.05.04"]

1. Nf3 d5 2. e3 Nf6 3. c4 e6 4. b3 b6 5. Bb2 Bb7 6. Nc3 Nbd7 7. Rc1 a6 8. d4 Bd6 9. Bd3 O-O 10. O-O Qe7 11. Re1 Ne4 12. Ne2 f5 13. Nf4 Rf6 14. Ne5 g5 15. Bxe4 dxe4 16. Nxd7 Qxd7 17. Nh5 Rh6 18. c5 bxc5 19. dxc5 Bxh2+ 20. Kxh2 Qxd1 21. Rexd1 Rxh5+ 22. Kg3 Bc6 23. Rh1 Be8 24. Bf6 h6 25. Rcd1 f4+ 26. Kg4 Bg6 27. exf4 Rxh1 28. Rxh1 Bf5+ 29. Kg3 gxf4+ 30. Kxf4 Kf7 31. Rxh6 Rg8 32. Bg5 Ke8 33. c6 Bg6 34. g4 Kf7 35. Rh1 e5+ 36. Kxe5 Re8+ 37. Kf4 Re6 38. Rc1 Kf8 39. Bd8 Be8 40. Bxc7 Bxc6 41. Be5 Kf7 42. g5 Rg6 43. Bf6 1-0

[Event "URS-FL"]
[Site "Baku"]
[Date "1977.??.??"]
[Round "14"]
[White "Taimanov, Mark E"]
[Black "Tukmakov, Vladimir B"]
[Result "0-1"]
[WhiteElo "2530"]
[BlackElo "2540"]
[PlyCount "64"]
[EventDate "1977.??.??"]
[Source "ChessBase"]

1. Nf3 c5 2. b3 d5 3. e3 Nf6 4. Bb2 e6 5. c4 Be7 6. cxd5 exd5 7. Bb5+ Bd7 8. Bxd7+ Nbxd7 9. O-O O-O 10. Nc3 Rc8 11. Rc1 Qa5 12. Qc2 Rfd8 13. Ne2 Nf8 14. Ng3 g6 15. Ne5 d4 16. a4 Ne6 17. Nc4 Qc7 18. f4 Nd5 19. f5 Ng5 20. Ba3 Bf6 21. e4 d3 22. Qd1 Nf4 23. Kh1 h5 24. Qe1 Bd4 25. e5 Nxg2 26. Kxg2 Qc6+ 27. Ne4 Nxe4 28. Kh3 Ng5+ 29. Kg3 h4+ 30. Kxh4 Nf3+ 31. Rxf3 Qxf3 32. Qd1 Bf2+ 0-1

[Event "JUG Ch"]
[Site "JUG"]
[Date "1989.??.??"]
[Round "?"]
[White "Kovacevic, Vlatko"]
[Black "Lalic, Bogdan"]
[Result "0-1"]
[WhiteElo "2545"]
[BlackElo "2525"]
[PlyCount "92"]
[EventDate "1989.02.??"]
[Source "www.chesslib.no"]
[SourceDate "2004.05.04"]

1. b3 d5 2. Bb2 c5 3. e3 Nf6 4. Nf3 e6 5. d4 Be7 6. Nbd2 O-O 7. Bd3 b6 8. Ne5 Bb7 9. Qf3 Nc6 10. a3 Rc8 11. Qh3 h6 12. Rd1 Qc7 13. f4 Rcd8 14. O-O Nxe5 15. fxe5 Ne4 16. c4 cxd4 17. exd4 Bg5 18. Nxe4 dxe4 19. Bb1 b5 20. cxb5 e3 21. Bc1 e2 22. Bxg5 Qxe5 23. Bxd8 exd1=Q 24. dxe5 Qd4+ 25. Kh1 Rxd8 26. Qh5 Rd7 27. Qe2 Qd2 28. Qxd2 Rxd2 29. Rc1 g5 30. Kg1 Rxg2+ 31. Kf1 Rxh2 32. Rc7 Rh1+ 33. Kf2 Rxb1 34. Rxb7 Rb2+ 35. Kg1 Rxb3 36. a4 g4 37. Rxa7 h5 38. Ra6 Kg7 39. Rc6 Rb4 40. Rc1 Rxa4 41. Rb1 Ra7 42. b6 Rb7 43. Kg2 Kg6 44. Kg3 Kg5 45. Rb4 h4+ 46. Kf2 Kf5 0-1

[Event "41th ch-IND"]
[Site "Calcuta "]
[Date "2003.12.07"]
[Round "6"]
[White "Kunte, Abhijit"]
[Black "Ganguly, Surya Shekhar"]
[Result "1/2-1/2"]
[WhiteElo "2535"]
[BlackElo "2531"]
[PlyCount "33"]
[EventDate "2003.12.04"]
[Source "Roberto Alvarez"]
[SourceDate "2003.12.22"]

1. Nf3 d5 2. e3 Nf6 3. Be2 g6 4. d4 Bg7 5. O-O O-O 6. Nbd2 Nbd7 7. c4 c5 8. b3 b6 9. Bb2 Bb7 10. Rc1 Rc8 11. Re1 e6 12. Bf1 Qe7 13. Rc2 Rfd8 14. Qb1 Ne4 15. cxd5 Bxd5 16. dxc5 Bxb2 17. Qxb2 1/2-1/2

[Event "Bochum"]
[Site "Bochum"]
[Date "1981.??.??"]
[Round "?"]
[White "Hort, Vlastimil"]
[Black "Keene, Raymond"]
[Result "1/2-1/2"]
[WhiteElo "2575"]
[BlackElo "2490"]
[PlyCount "23"]
[EventDate "1981.03.??"]
[Source "ChessBase"]

1. Nf3 Nf6 2. b3 d5 3. Bb2 e6 4. e3 Be7 5. c4 O-O 6. Nc3 b6 7. cxd5 exd5 8. Rc1 Bb7 9. d4 Nbd7 10. Be2 a6 11. O-O Bd6 12. a3 1/2-1/2

[Event "11. Venecia it"]
[Site "?"]
[Date "1974.11.??"]
[Round "2"]
[White "Smyslov Vassily V"]
[Black "Mariotti Sergio"]
[Result "1-0"]
[WhiteElo "2600"]
[BlackElo "2465"]
[PlyCount "65"]
[EventDate "1974.??.??"]
[Source "www.chesslib.no"]
[SourceDate "2004.05.04"]

1. Nf3 c5 2. b3 Nc6 3. Bb2 d5 4. e3 e6 5. d4 Nf6 6. Bd3 Be7 7. Nbd2 O-O 8. O-O b6 9. Ne5 Bb7 10. f4 Nxe5 11. fxe5 Ne4 12. Bxe4 dxe4 13. Qg4 Rc8 14. c4 cxd4 15. Bxd4 Bc5 16. Bxc5 Rxc5 17. Nxe4 Rxe5 18. Nf6+ Kh8 19. Rad1 Qe7 20. Rd7 Qc5 21. Qd4 Bxg2 22. Ng4 Qxd4 23. exd4 Rg5 24. Rfxf7 Kg8 25. Rxf8+ Kxf8 26. Kxg2 Rxg4+ 27. Kf3 Rh4 28. c5 Rh3+ 29. Ke4 Rc3 30. b4 bxc5 31. bxc5 Rc2 32. Rxa7 Rxh2 33. Ke5 1-0

[Event "DSV-Turnier"]
[Site "Halle GER"]
[Date "1978.??.??"]
[Round "13"]
[White "Boensch, Uwe"]
[Black "Uhlmann, Wolfgang"]
[Result "0-1"]
[WhiteElo "2490"]
[BlackElo "2575"]
[PlyCount "92"]
[EventDate "1978.11.05"]
[Source "www.chesslib.no"]
[SourceDate "2004.05.04"]

1. Nf3 Nf6 2. b3 d5 3. Bb2 Bg4 4. e3 e6 5. h3 Bxf3 6. Qxf3 Nbd7 7. g4 c6 8. Bg2 Bd6 9. Nc3 Qe7 10. g5 Ng8 11. h4 h6 12. Bh3 hxg5 13. hxg5 Ne5 14. Qe2 Qxg5 15. O-O-O Qe7 16. f4 Ng6 17. f5 exf5 18. Bxf5 Rxh1 19. Rxh1 Nh6 20. Nxd5 cxd5 21. Qb5+ Kf8 22. Bxg6 fxg6 23. Qxd5 Ba3 24. Rf1+ Nf7 25. Bxa3 Qxa3+ 26. Kb1 Qe7 27. e4 Re8 28. e5 b6 29. d4 Kg8 30. Re1 Qe6 31. Qb7 Nd6 32. Qc6 Nf5 33. Qxe6+ Rxe6 34. d5 Re8 35. c4 g5 36. e6 g4 37. Re4 g3 38. Kc1 Kf8 39. Kd2 Ke7 40. Ke2 Rh8 41. Kf3 Rh2 42. Rg4 Rxa2 43. Rg5 g6 44. Ke4 Kf6 45. Rg4 Rb2 46. e7 Re2+ 0-1

[Event "VI Aceimar Open"]
[Site "?"]
[Date "1999.08.01"]
[Round "6"]
[White "Giorgadze Giorgi"]
[Black "Stefanova Antoaneta"]
[Result "1-0"]
[WhiteElo "2602"]
[BlackElo "2444"]
[PlyCount "131"]
[EventDate "1999.??.??"]
[Source "www.chesslib.no"]
[SourceDate "2004.05.04"]

1. Nf3 d5 2. e3 c6 3. c4 Nf6 4. Nc3 a6 5. a4 Bf5 6. d4 e6 7. Nh4 Be4 8. f3 Bg6 9. Nxg6 hxg6 10. g3 Bd6 11. f4 Bb4 12. Bg2 Qa5 13. O-O Nbd7 14. Na2 Ne4 15. Qb3 Bd2 16. Bxe4 Bxc1 17. Raxc1 dxe4 18. Nc3 Nf6 19. Qxb7 O-O 20. Qb3 Rab8 21. Qc2 Ng4 22. Rfe1 Rb7 23. Na2 f5 24. b4 Qd8 25. Rb1 g5 26. h3 Nh6 27. fxg5 Qxg5 28. Kg2 Rfb8 29. Qe2 Nf7 30. b5 axb5 31. axb5 cxb5 32. Rxb5 Rxb5 33. cxb5 e5 34. Nc3 exd4 35. exd4 Nd6 36. Rf1 Rc8 37. Nd5 Rc4 38. h4 Qd8 39. Rxf5 Rxd4 40. Re5 Nf7 41. Ne7+ Kf8 42. Nc6 Qf6 43. Nxd4 Qxe5 44. Qe3 Qd5 45. b6 Nd6 46. Ne2 Kg8 47. Qd4 Qa2 48. Kf2 Qa3 49. Qc3 Qa2 50. Qb4 Qd5 51. Nf4 e3+ 52. Ke2 Qc6 53. Qb3+ Kh7 54. Nd5 Nf5 55. Qd3 g6 56. g4 Nxh4 57. Qe4 Qb5+ 58. Kxe3 Qc5+ 59. Kd3 Qb5+ 60. Kc3 Qa5+ 61. Kc4 Qa2+ 62. Kb5 Qb3+ 63. Nb4 Nf3 64. b7 Qc3 65. Qe7+ Kh6 66. b8=Q 1-0

[Event "Minsk"]
[Site "Minsk"]
[Date "1995.??.??"]
[Round "7"]
[White "Taimanov, Mark E"]
[Black "Korneev, Oleg"]
[Result "1/2-1/2"]
[WhiteElo "2505"]
[BlackElo "2540"]
[PlyCount "41"]
[EventDate "1995.??.??"]
[Source "ChessBase"]

1. Nf3 d5 2. e3 Nf6 3. c4 e6 4. b3 Be7 5. Bb2 O-O 6. d4 Nbd7 7. Bd3 b6 8. O-O Bb7 9. Nbd2 c5 10. Qe2 cxd4 11. exd4 Re8 12. Rac1 dxc4 13. bxc4 Rc8 14. Rfd1 Nf8 15. Ne5 Ng6 16. Nxg6 hxg6 17. Nf3 Bd6 18. Ne5 Bxe5 19. Qxe5 Qc7 20. f3 Qd7 21. Qe2 1/2-1/2

[Event "ARM Ch"]
[Site "Erevan ARM"]
[Date "1996.??.??"]
[Round "9"]
[White "Akopian, Vladimir E"]
[Black "Minasian, Ara"]
[Result "1-0"]
[WhiteElo "2620"]
[BlackElo "2425"]
[PlyCount "77"]
[EventDate "1996.??.??"]
[Source "www.chesslib.no"]
[SourceDate "2004.05.04"]

1. Nf3 c5 2. b3 d5 3. e3 a6 4. c4 d4 5. exd4 cxd4 6. g3 Nc6 7. Bg2 Bf5 8. O-O Bd3 9. Re1 f6 10. Nh4 g5 11. Qh5+ Kd7 12. Qf3 Bxb1 13. Rxb1 gxh4 14. b4 e5 15. b5 axb5 16. Rxb5 Qc7 17. Qf5+ Ke7 18. Bh3 Kf7 19. Qe6+ Kg7 20. Qg4+ Kf7 21. Qh5+ Kg7 22. Qg4+ Kf7 23. Qh5+ Kg7 24. Be6 Bb4 25. a3 Ba5 26. Re4 Nd8 27. Bd5 Kf8 28. d3 Ra7 29. a4 Qe7 30. Bxg8 Rxg8 31. Bh6+ Rg7 32. Rg4 Ne6 33. Bxg7+ Nxg7 34. Qxh7 Qf7 35. Rd5 b5 36. Rxb5 Bd8 37. Rb8 Rd7 38. Rxh4 Ne6 39. Qh8+ 1-0

[Event "Dhaka"]
[Site "Dhaka BAN"]
[Date "1993.??.??"]
[Round "?"]
[White "Norwood, David"]
[Black "Murshed, Niaz"]
[Result "0-1"]
[WhiteElo "2525"]
[BlackElo "2520"]
[PlyCount "74"]
[EventDate "1993.??.??"]
[Source "www.chesslib.no"]
[SourceDate "2004.05.04"]

1. Nf3 Nf6 2. b3 d5 3. Bb2 c6 4. d3 Bg4 5. Nbd2 Nbd7 6. e4 e5 7. Be2 Bd6 8. h3 Be6 9. O-O O-O 10. exd5 cxd5 11. c4 d4 12. Re1 a5 13. Bf1 Qc7 14. a3 Rfe8 15. Rb1 b6 16. Bc1 Nc5 17. Qc2 Bd7 18. Ng5 Bc6 19. Nde4 Nfxe4 20. Nxe4 Nxe4 21. dxe4 Qe7 22. Qb2 h6 23. Bd3 Reb8 24. Ra1 b5 25. Qc2 Bd7 26. Bb2 bxc4 27. Bxc4 Be6 28. Rec1 Bxc4 29. Qxc4 Qb7 30. f4 Qxb3 31. fxe5 Qe3+ 32. Kh1 Bxe5 33. Ra2 Qg3 34. Kg1 Rb7 35. Bxd4 Qh2+ 36. Kf1 Bxd4 37. Qxd4 Qf4+ 0-1

[Event "POL-ch"]
[Site "Warsaw"]
[Date "2004.04.24"]
[Round "1"]
[White "Kempinski, Robert"]
[Black "Murdzia, Piotr"]
[Result "1-0"]
[WhiteElo "2586"]
[BlackElo "2455"]
[PlyCount "38"]
[EventDate "2004.04.24"]
[Source "ChessBase"]
[SourceDate "2004.07.27"]

1. Nf3 d5 2. e3 Nf6 3. c4 e6 4. b3 Be7 5. d4 O-O 6. Bd3 c5 7. O-O cxd4 8. exd4 b6 9. Nbd2 Bb7 10. Qe2 Nc6 11. Bb2 Rc8 12. Rac1 Rc7 13. Rfd1 Qc8 14. Ne5 dxc4 15. Bxc4 Nxe5 16. Qxe5 Rd8 17. Qg3 g6 18. h3 Nh5 19. Qe3 Bd6 1-0